000 00622cam a2200241 4500
008 090401t1991 xxu||||| |||| 00| 0 eng d
020 _a0854595767
035 _a(Sirsi) u61003
041 _aeng
050 _a336.24
110 _aTolley Editorial Staff
_91813
245 _aTolley`s capital allowances 1991-92.
250 _a4th ed.
260 _aCroydon
_bTolley Publishing Company
_c1991
300 _alx,418p. ; 23cm.
350 _a25.95
650 _aALLOWANCES
650 _aTAXATION
690 _aTAXATION
700 _aNoakes, Patrick & Dolton, Alan,
_xEditor
942 _n0
948 _c04/03/1997
999 _c94281
_d94281